00882nam a22002057a 4500999001900000005001700019010001300036020002600049035001200075037001600087082000800103100002400111245015400135246009500289260005300384270005900437300002200496942002700518952013100545 c194212d19421220221209152543.0 aUR-11785 a9789392496189c250.00 aU-10340 bDBAD/PUBa- a270 aمقبول احمد aحید رآباد کے‏ غیر مسلم گر ہوں میں مسلمانوں کے بارے میں خیالات /cمقبول احمدhا ر د و aHyderabad ke Ghair muslim grohon mein musalmanon ke bare mein khayalat /bby Maqbool Ahmed aNew DelhibEducational Publishing Housec2021 ء aH.o. D1/16, Ansari Road, Darya GanjbNew Delhie110002 a225 صc21cm(pbk) 2ddccURh270mم ق ب 001040708NFICaLbLd2022-12-09eDBAD/PUBg250.00l0o270 م ق بpU-10340r2022-12-09 00:00:00t1v250.00w2022-12-09yUR